Normal view
MARC view
- Sharma .v.d.etal
Entry Personal Name
001 - CONTROL NUMBER
- control field: 7271
003 - CONTROL NUMBER IDENTIFIER
- control field: OSt
005 - DATE AND TIME OF LATEST TRANSACTION
- control field: 20190618120222.0
008 - FIXED-LENGTH DATA ELEMENTS
- fixed length control field: 190618|| aca||aabn | a|a d
040 ## - CATALOGING SOURCE
- Original cataloging agency: OSt
- Transcribing agency: OSt
100 ## - HEADING--PERSONAL NAME
- Personal name: Sharma .v.d.etal
670 ## - SOURCE DATA FOUND
- Source citation: Work cat.: (OSt): Sharma .v.d.etal, Introducing to physical education , 2018